[Event "4th GRENKE Open 2019"]
[Site "Karlsruhe"]
[Date "2019.04.18"]
[Round "1.1"]
[White "Bacrot, Etienne"]
[Black "Wiley, Tom E"]
[Result "1-0"]
[WhiteElo "2683"]
[BlackElo "2147"]
[Annotator "TA"]
[PlyCount "57"]
[EventDate "2019.04.18"]
[EventType "swiss"]
[EventCountry "GER"]
[SourceTitle "playchess.com"]
[Source "ChessBase"]
[SourceQuality "1"]

1. e4 e6 2. d4 d5 3. exd5 exd5 4. Nf3 c6 5. Bd3 Nf6 6. O-O Be7 7. Re1 O-O 8. h3 Nbd7 9. Bf4 Re8 10. Nbd2 Nf8 11. c3 Ne6 12. Bh2 g6 13. Ne5 Ng7 14. g4 Nd7 15. f4 f6 16. Nxg6 hxg6 17. Bxg6 Rf8 18. f5 Nb6 19. Re2 Bd6 20. Bxd6 Qxd6 21. Qe1 Bxf5 22. gxf5 Qf4 23. Qf2 Qxf2+ 24. Kxf2 Rad8 25. Rg1 Nc8 26. Kf3 Kh8 27. Kf4 Rd7 28. Rge1 Rfd8 29. h4 1-0

[Event "4th GRENKE Open 2019"]
[Site "Karlsruhe"]
[Date "2019.04.18"]
[Round "1.3"]
[White "Korobov, Anton"]
[Black "Boehme, Markus"]
[Result "1-0"]
[WhiteElo "2675"]
[BlackElo "2146"]
[Annotator "TA"]
[PlyCount "77"]
[EventDate "2019.04.18"]
[EventType "swiss"]
[EventCountry "GER"]
[SourceTitle "playchess.com"]
[Source "ChessBase"]
[SourceQuality "1"]

1. d4 Nf6 2. c4 c5 3. d5 b5 4. cxb5 a6 5. bxa6 g6 6. Nc3 Bg7 7. e4 O-O 8. a7 Rxa7 9. Nf3 e6 10. Be2 exd5 11. exd5 d6 12. O-O Ba6 13. Bxa6 Nxa6 14. Bf4 Re8 15. Qd2 Ne4 16. Nxe4 Rxe4 17. Rae1 Rxe1 18. Rxe1 Re7 19. Rxe7 Qxe7 20. h4 h5 21. b3 Qf6 22. g3 Nb4 23. Kg2 Qd8 24. a3 Na6 25. Ng5 Nc7 26. Qa5 Bf8 27. Qb6 Qd7 28. Qb7 Qd8 29. a4 Be7 30. a5 Na8 31. a6 Nc7 32. a7 Na8 33. Bxd6 Qxd6 34. Qxa8+ Kg7 35. Qc6 Qe5 36. Nf3 Qe4 37. a8=Q Bxh4 38. Qcc8 Bxg3 39. Qh8# 1-0

[Event "4th GRENKE Open 2019"]
[Site "Karlsruhe"]
[Date "2019.04.19"]
[Round "1.4"]
[White "Mihajlov, Svetoslav"]
[Black "Firouzja, Alireza"]
[Result "0-1"]
[WhiteElo "2145"]
[BlackElo "2669"]
[Annotator "TA"]
[PlyCount "122"]
[EventDate "2019.04.18"]
[EventType "swiss"]
[EventCountry "GER"]
[SourceTitle "playchess.com"]
[Source "ChessBase"]
[SourceQuality "1"]

1. e4 c5 2. c3 Nf6 3. e5 Nd5 4. Nf3 Nc6 5. Bc4 Nb6 6. Bb3 d5 7. exd6 c4 8. Bc2 Qxd6 9. O-O g6 10. Na3 Bg7 11. Rb1 O-O 12. b3 cxb3 13. axb3 Nd5 14. Nc4 Qf6 15. Ne3 Be6 16. Bb2 Qf4 17. g3 Qh6 18. h4 Nxe3 19. fxe3 Bg4 20. Qe1 Qh5 21. Kg2 Rad8 22. d4 e5 23. Qf2 exd4 24. exd4 Qd5 25. Rbe1 f5 26. Qe2 Kh8 27. Qe6 Bxf3+ 28. Rxf3 Qa5 29. b4 Qc7 30. Bb3 Qb8 31. Qc4 Rde8 32. Rxe8 Rxe8 33. Bc1 Qa8 34. Ba4 Re4 35. Bc2 Ne5 36. Qd5 Re2+ 37. Rf2 Rxf2+ 38. Kxf2 Ng4+ 39. Kf3 Nf6 40. Qe6 b5+ 41. Kf2 h5 42. Bb3 Qe4 43. Qxe4 Nxe4+ 44. Kf3 Nxc3 45. Be3 Bf8 46. d5 Bxb4 47. Bd4+ Kh7 48. d6 Ne4 49. d7 Be7 50. Bxa7 Nd2+ 51. Ke2 Nxb3 52. Bb6 Kg7 53. Kd3 Kf7 54. Kc3 Ke6 55. d8=Q Bxd8 56. Bxd8 Kd7 57. Kxb3 Kxd8 58. Kb4 Kd7 59. Kxb5 Ke6 60. Kc4 f4 61. gxf4 Kf5 0-1

[Event "4th GRENKE Open 2019"]
[Site "Karlsruhe"]
[Date "2019.04.18"]
[Round "1.5"]
[White "Kuzubov, Yuriy"]
[Black "Dill, Xaver"]
[Result "1-0"]
[WhiteElo "2653"]
[BlackElo "2145"]
[Annotator "ChessBase"]
[PlyCount "49"]
[EventDate "2019.04.18"]
[EventType "swiss"]
[EventCountry "GER"]
[SourceTitle "playchess.com"]
[Source "ChessBase"]
[SourceQuality "1"]

1. d4 Nf6 2. c4 e6 3. g3 c5 4. d5 exd5 5. cxd5 d6 6. Nc3 g6 7. Nf3 Bg7 8. Bg2 O-O 9. O-O Re8 10. Bf4 Ne4 11. Nxe4 Rxe4 12. Nd2 Rxf4 13. gxf4 Bxb2 14. Rb1 Bg7 15. Nc4 Na6 16. e4 Bh6 17. Qf3 Nb4 18. e5 dxe5 19. fxe5 Qh4 20. Nd6 Bf4 21. h3 b6 22. Rfe1 Nc2 23. e6 Nxe1 24. exf7+ Kg7 25. Qc3+ 1-0

[Event "4th GRENKE Open 2019"]
[Site "Karlsruhe"]
[Date "2019.04.18"]
[Round "1.6"]
[White "Parnali, S Dharia"]
[Black "Chigaev, Maksim"]
[Result "0-1"]
[WhiteElo "2144"]
[BlackElo "2634"]
[Annotator "TA"]
[PlyCount "92"]
[EventDate "2019.04.18"]
[EventType "swiss"]
[EventCountry "GER"]
[SourceTitle "playchess.com"]
[Source "ChessBase"]
[SourceQuality "1"]

1. d4 Nf6 2. g3 g6 3. Bg2 Bg7 4. c4 O-O 5. Nc3 d6 6. Nf3 Nc6 7. O-O a6 8. d5 Na5 9. b3 c5 10. dxc6 bxc6 11. Bb2 Rb8 12. Qd2 c5 13. Rad1 Bb7 14. Ng5 h6 15. Bxb7 Rxb7 16. Nge4 Nxe4 17. Nxe4 Nxc4 18. Qd5 Nxb2 19. Qxb7 Nxd1 20. Rxd1 a5 21. Rd2 Qe8 22. Rd3 Qa8 23. Qxe7 Re8 24. Nf6+ Bxf6 25. Qxf6 Rxe2 26. Rf3 Qf8 27. a4 Re1+ 28. Kg2 Re6 29. Qc3 Qa8 30. h4 h5 31. Kh2 Qa7 32. Qd2 Qb7 33. Rd3 Qb6 34. Qf4 Kg7 35. Qf3 c4 36. bxc4 Rf6 37. Qe4 Qxf2+ 38. Qg2 Qc5 39. Qb2 Qf2+ 40. Qxf2 Rxf2+ 41. Kh3 Rc2 42. Rd4 Kf8 43. Rd5 Rxc4 44. Rxa5 Ke7 45. Ra7+ Ke6 46. a5 Rc2 0-1

[Event "4th GRENKE Open 2019"]
[Site "Karlsruhe"]
[Date "2019.04.18"]
[Round "1.7"]
[White "Sarana, Alexey"]
[Black "Bastian, Martin"]
[Result "1-0"]
[WhiteElo "2630"]
[BlackElo "2144"]
[Annotator "ChessBase"]
[PlyCount "33"]
[EventDate "2019.04.18"]
[EventType "swiss"]
[EventCountry "GER"]
[SourceTitle "playchess.com"]
[Source "ChessBase"]
[SourceQuality "1"]

1. d4 Nf6 2. c4 g6 3. Nc3 Bg7 4. e4 d6 5. Nf3 O-O 6. Be2 e5 7. Be3 c6 8. d5 c5 9. O-O h6 10. Ne1 Ne8 11. Nd3 f5 12. f4 b6 13. Qd2 exf4 14. Nxf4 g5 15. Ne6 Bxe6 16. dxe6 f4 17. e7 1-0

[Event "4th GRENKE Open 2019"]
[Site "Karlsruhe"]
[Date "2019.04.18"]
[Round "1.8"]
[White "Kraemer, Stefan"]
[Black "Fridman, Daniel"]
[Result "0-1"]
[WhiteElo "2144"]
[BlackElo "2629"]
[Annotator "ChessBase"]
[PlyCount "32"]
[EventDate "2019.04.18"]
[EventType "swiss"]
[EventCountry "GER"]
[SourceTitle "playchess.com"]
[Source "ChessBase"]
[SourceQuality "1"]

1. e4 c6 2. d4 d5 3. e5 c5 4. Nf3 Bg4 5. Be2 Nc6 6. dxc5 e6 7. Nbd2 Bxc5 8. O-O Nge7 9. c4 O-O 10. Qa4 Bh5 11. Qb5 Bb6 12. cxd5 Qxd5 13. Qxd5 Nxd5 14. b3 Nxe5 15. Nxe5 Bxe2 16. Re1 Bd4 0-1

[Event "4th GRENKE Open 2019"]
[Site "Karlsruhe"]
[Date "2019.04.18"]
[Round "1.9"]
[White "Sethuraman, S.P."]
[Black "Wilhelm, Robert"]
[Result "1-0"]
[WhiteElo "2624"]
[BlackElo "2143"]
[Annotator "TA"]
[PlyCount "39"]
[EventDate "2019.04.18"]
[EventType "swiss"]
[EventCountry "GER"]
[SourceTitle "playchess.com"]
[Source "ChessBase"]
[SourceQuality "1"]

1. e4 c5 2. Nc3 a6 3. Nf3 e6 4. d4 cxd4 5. Nxd4 Nc6 6. Be3 Nf6 7. f4 d6 8. Qf3 Qc7 9. O-O-O Bd7 10. g4 Nxd4 11. Rxd4 e5 12. Rc4 Bxg4 13. Qg3 Qa5 14. f5 Be7 15. Qf2 Bd8 16. b4 Qa3+ 17. Kb1 b5 18. Bc1 Nxe4 19. Nxe4 Qf3 20. Nxd6+ 1-0

[Event "4th GRENKE Open 2019"]
[Site "Karlsruhe"]
[Date "2019.04.18"]
[Round "1.10"]
[White "Dietz, Florian"]
[Black "Predojevic, Borki"]
[Result "0-1"]
[WhiteElo "2142"]
[BlackElo "2621"]
[Annotator "TA"]
[PlyCount "68"]
[EventDate "2019.04.18"]
[EventType "swiss"]
[EventCountry "GER"]
[SourceTitle "playchess.com"]
[Source "ChessBase"]
[SourceQuality "1"]

1. e4 e5 2. Nf3 Nc6 3. Bb5 g6 4. O-O Bg7 5. c3 a6 6. Ba4 d6 7. d4 Bd7 8. Bb3 Nf6 9. Re1 O-O 10. Bg5 h6 11. Bh4 Bg4 12. Nbd2 exd4 13. cxd4 g5 14. d5 Nd4 15. Bg3 Nd7 16. h3 Nxf3+ 17. Nxf3 Bxf3 18. Qxf3 Bxb2 19. Rab1 Be5 20. Bd1 Rb8 21. Qf5 Bxg3 22. fxg3 Ne5 23. Rf1 Qe7 24. Be2 Kg7 25. a4 a5 26. Rb5 b6 27. Rc1 Rfc8 28. Rb2 c5 29. Rxb6 Rxb6 30. Qxc8 Rb4 31. Bb5 Rxe4 32. Qa8 Qc7 33. Rb1 Rb4 34. Rf1 c4 0-1

[Event "4th GRENKE Open 2019"]
[Site "Karlsruhe"]
[Date "2019.04.18"]
[Round "1.11"]
[White "Esipenko, Andrey"]
[Black "Grewenig, Jan"]
[Result "1-0"]
[WhiteElo "2616"]
[BlackElo "2140"]
[Annotator "RC"]
[PlyCount "64"]
[EventDate "2019.04.18"]
[EventType "swiss"]
[EventCountry "GER"]
[SourceTitle "playchess.com"]
[Source "ChessBase"]
[SourceQuality "1"]

1. Nf3 c5 2. e4 d6 3. d4 cxd4 4. Nxd4 Nf6 5. Nc3 a6 6. h4 b5 7. a4 b4 8. Nd5 e6 9. Nxf6+ Qxf6 10. Be3 Bb7 11. Qd2 d5 12. O-O-O e5 13. exd5 exd4 14. Bg5 Qb6 15. Re1+ Kd7 16. Bd3 Bd6 17. Bf5+ Kc7 18. Bf4 Bxd5 19. a5 Qc5 20. Re7+ Kc6 21. Bxd6 Kxd6 22. Rhe1 Ra7 23. Re8 Rxe8 24. Rxe8 Qxa5 25. Qf4+ Kc5 26. Qxb8 Rc7 27. Re5 b3 28. Qxb3 Kd6 29. Qg3 Qa1+ 30. Kd2 Qa5+ 31. Kd1 Bf3+ 32. Re2+ Kd5 1-0

[Event "4th GRENKE Open 2019"]
[Site "Karlsruhe"]
[Date "2019.04.18"]
[Round "1.12"]
[White "Korba, Roman"]
[Black "Heimann, Andreas"]
[Result "0-1"]
[WhiteElo "2140"]
[BlackElo "2616"]
[Annotator "ChessBase"]
[PlyCount "60"]
[EventDate "2019.04.18"]
[EventType "swiss"]
[EventCountry "GER"]
[SourceTitle "playchess.com"]
[Source "ChessBase"]
[SourceQuality "1"]

1. e3 Nf6 2. c4 g6 3. Nc3 Bg7 4. g4 h6 5. Bg2 d6 6. h3 e5 7. Nge2 Nc6 8. b3 O-O 9. Ng3 Be6 10. Ba3 Re8 11. O-O Nh7 12. Nd5 Rc8 13. Kh2 Qh4 14. Rc1 e4 15. Nxe4 Ne5 16. f3 Nd3 17. Rc2 f5 18. Ng3 fxg4 19. f4 gxh3 20. Be4 Bxd5 21. Bxd5+ Kh8 22. Bxb7 Nf6 23. Bf3 h5 24. Rc3 Nc5 25. Bxc5 dxc5 26. Rd3 Rf8 27. Qe1 g5 28. Nxh5 Ng4+ 29. Bxg4 Qxg4 30. Nxg7 Qg2# 0-1

[Event "4th GRENKE Open 2019"]
[Site "Karlsruhe"]
[Date "2019.04.18"]
[Round "1.13"]
[White "Banusz, Tamas"]
[Black "Stabolewski, Andreas"]
[Result "1-0"]
[WhiteElo "2614"]
[BlackElo "2140"]
[Annotator "TA"]
[PlyCount "71"]
[EventDate "2019.04.18"]
[EventType "swiss"]
[EventCountry "GER"]
[SourceTitle "playchess.com"]
[Source "ChessBase"]
[SourceQuality "1"]

1. Nf3 Nf6 2. g3 c5 3. Bg2 Nc6 4. c4 e6 5. O-O Be7 6. d4 d5 7. cxd5 exd5 8. dxc5 Bxc5 9. a3 O-O 10. b4 Bb6 11. Nc3 h6 12. Bb2 Be6 13. Na4 Ne4 14. Nxb6 Qxb6 15. Nd4 Rad8 16. e3 Rfe8 17. Qe2 Bc8 18. Nxc6 bxc6 19. Rfd1 Rd6 20. Bd4 Qd8 21. Rac1 a5 22. Qb2 axb4 23. Qxb4 h5 24. Rc2 Rg6 25. h4 Bd7 26. Ra1 Rh6 27. Qb7 c5 28. Bxc5 Ba4 29. Rcc1 Rc6 30. Bd4 Rxc1+ 31. Rxc1 Qa5 32. Qb2 f6 33. Bf3 Ra8 34. Bxh5 Nd2 35. Rc5 Nc4 36. Rxa5 1-0

[Event "4th GRENKE Open 2019"]
[Site "Karlsruhe"]
[Date "2019.04.18"]
[Round "1.14"]
[White "Schulze, Lara"]
[Black "Bosiocic, Marin"]
[Result "0-1"]
[WhiteElo "2139"]
[BlackElo "2613"]
[Annotator "RC"]
[PlyCount "72"]
[EventDate "2019.04.18"]
[EventType "swiss"]
[EventCountry "GER"]
[SourceTitle "playchess.com"]
[Source "ChessBase"]
[SourceQuality "1"]

1. e4 e5 2. Nf3 Nc6 3. Bc4 Bc5 4. c3 Nf6 5. d3 d6 6. O-O O-O 7. Nbd2 a5 8. a4 Be6 9. Bxe6 fxe6 10. Nc4 Nd7 11. Be3 Bxe3 12. Nxe3 Nc5 13. Qe2 Qf6 14. Nd2 Rad8 15. Nc2 d5 16. f3 d4 17. c4 Ra8 18. Ra3 Nb4 19. Ne1 Qh6 20. Nb3 Nxb3 21. Rxb3 Qe3+ 22. Rf2 Qc1 23. Qd2 Qa1 24. Ra3 Qb1 25. Kf1 Ra6 26. Qg5 Nc6 27. Rb3 Rb6 28. Rb5 Qd1 29. b3 Rxb5 30. axb5 Nb4 31. Qd2 Qxb3 32. Qb2 Qa4 33. Rd2 c6 34. Nc2 cxb5 35. Nxb4 axb4 36. cxb5 Rc8 0-1

[Event "4th GRENKE Open 2019"]
[Site "Karlsruhe"]
[Date "2019.04.18"]
[Round "1.15"]
[White "Tabatabaei, M.amin"]
[Black "Weihrauch, Jakob"]
[Result "1-0"]
[WhiteElo "2612"]
[BlackElo "2138"]
[Annotator "TA"]
[PlyCount "47"]
[EventDate "2019.04.18"]
[EventType "swiss"]
[EventCountry "GER"]
[SourceTitle "playchess.com"]
[Source "ChessBase"]
[SourceQuality "1"]

1. e4 e5 2. Nf3 Nc6 3. Bb5 a6 4. Ba4 Nf6 5. O-O b5 6. Bb3 Bc5 7. Nc3 d6 8. Nd5 Nxe4 9. Qe2 Nf6 10. Nxf6+ gxf6 11. Bd5 Bb7 12. Qe4 Qd7 13. d4 Bb6 14. dxe5 dxe5 15. Nxe5 Nxe5 16. Bxb7 Ra7 17. Bh6 Qg4 18. Qxg4 Nxg4 19. Rfe1+ Ne5 20. Bg7 Rg8 21. Bxf6 Rxb7 22. Rxe5+ Kd7 23. Re7+ Kd6 24. Rd1+ 1-0

[Event "4th GRENKE Open 2019"]
[Site "Karlsruhe"]
[Date "2019.04.18"]
[Round "1.16"]
[White "Elgersma, Simon"]
[Black "Van Wely, Loek"]
[Result "0-1"]
[WhiteElo "2137"]
[BlackElo "2612"]
[Annotator "ChessBase"]
[PlyCount "92"]
[EventDate "2019.04.18"]
[EventType "swiss"]
[EventCountry "GER"]
[SourceTitle "playchess.com"]
[Source "ChessBase"]
[SourceQuality "1"]

1. e4 c5 2. Nf3 Nc6 3. Bb5 g6 4. O-O Bg7 5. Re1 e5 6. Bxc6 dxc6 7. d3 Qe7 8. Nbd2 Nf6 9. a3 O-O 10. b4 Nd7 11. Nc4 Rd8 12. Rb1 b6 13. Be3 Ba6 14. Nfd2 f6 15. Qe2 Rac8 16. f4 b5 17. Na5 exf4 18. Bxf4 cxb4 19. axb4 c5 20. Ndb3 cxb4 21. d4 f5 22. exf5 Qxe2 23. Rxe2 Nb6 24. fxg6 hxg6 25. Be5 Bf8 26. Rf1 Nd5 27. Re4 Rxc2 28. Rg4 Ne7 29. Bf6 Rd6 30. Rh4 Rxf6 31. Rxf6 Bc8 32. Rf2 Rc3 33. Rhf4 Bh6 34. Re4 Nd5 35. Re8+ Kg7 36. Rff8 Bf5 37. Rxf5 gxf5 38. Re5 Ne3 39. Rxb5 Rc2 40. Rb7+ Kg6 41. g3 f4 42. gxf4 Rg2+ 43. Kh1 Rf2 44. h4 Rf1+ 45. Kh2 Bxf4+ 46. Kh3 Rh1# 0-1

[Event "4th GRENKE Open 2019"]
[Site "Karlsruhe"]
[Date "2019.04.18"]
[Round "1.17"]
[White "Bluebaum, Matthias"]
[Black "Colbow, Collin"]
[Result "1-0"]
[WhiteElo "2610"]
[BlackElo "2137"]
[Annotator "TA"]
[PlyCount "53"]
[EventDate "2019.04.18"]
[EventType "swiss"]
[EventCountry "GER"]
[SourceTitle "playchess.com"]
[Source "ChessBase"]
[SourceQuality "1"]

1. d4 Nf6 2. c4 e6 3. Nc3 Bb4 4. e3 c5 5. Nge2 b6 6. a3 Ba5 7. Rb1 Na6 8. Ng3 Bxc3+ 9. bxc3 Bb7 10. f3 h5 11. h4 Qc7 12. Kf2 O-O 13. e4 cxd4 14. cxd4 e5 15. Be2 d6 16. Bg5 Nh7 17. Nxh5 f5 18. exf5 Nxg5 19. hxg5 Rxf5 20. g6 Rg5 21. Bd3 e4 22. Nf4 Re8 23. Qg1 exd3 24. Qh2 Kf8 25. Qh8+ Ke7 26. Rbe1+ Re5 27. Qxg7+ 1-0

[Event "4th GRENKE Open 2019"]
[Site "Karlsruhe"]
[Date "2019.04.19"]
[Round "1.18"]
[White "Hartmann, Martin"]
[Black "Svane, Rasmus"]
[Result "0-1"]
[WhiteElo "2137"]
[BlackElo "2605"]
[Annotator "ChessBase"]
[PlyCount "102"]
[EventDate "2019.04.18"]
[EventType "swiss"]
[EventCountry "GER"]
[SourceTitle "playchess.com"]
[Source "ChessBase"]
[SourceQuality "1"]

1. e4 c6 2. c4 d5 3. cxd5 cxd5 4. exd5 Nf6 5. Nc3 Nxd5 6. d4 g6 7. Nf3 Bg7 8. Bc4 Nxc3 9. bxc3 O-O 10. O-O Qc7 11. Qb3 Nc6 12. Bd3 Be6 13. Qc2 Rac8 14. Rb1 Na5 15. Bd2 Nc4 16. Bxc4 Bxc4 17. Rfe1 b6 18. Ne5 Be6 19. Rbc1 Qb7 20. Qa4 Rfd8 21. Qa3 Bf8 22. Qb2 Qd5 23. a4 Qb3 24. Rb1 Qd5 25. Qb5 f6 26. Nf3 Bf5 27. Ra1 Bg4 28. Qxd5+ Rxd5 29. Rec1 Rc4 30. a5 Rxa5 31. Rxa5 bxa5 32. Ra1 a4 33. Kf1 e6 34. Ke2 Bf5 35. Ne1 e5 36. dxe5 fxe5 37. f3 a3 38. g4 Be6 39. Kd3 Ra4 40. Kc2 Bd6 41. h3 Bd5 42. Be3 Kf7 43. Nd3 Ra5 44. Nb4 Bc4 45. Rd1 Ke6 46. Re1 Kd7 47. Bf2 a6 48. Ra1 Rb5 49. Nd3 a5 50. Be3 Bb3+ 51. Kd2 Rd5 0-1

[Event "4th GRENKE Open 2019"]
[Site "Karlsruhe"]
[Date "2019.04.18"]
[Round "1.19"]
[White "Bogner, Sebastian"]
[Black "Koellner, Christof"]
[Result "1-0"]
[WhiteElo "2603"]
[BlackElo "2137"]
[Annotator "ChessBase"]
[PlyCount "117"]
[EventDate "2019.04.18"]
[EventType "swiss"]
[EventCountry "GER"]
[SourceTitle "playchess.com"]
[Source "ChessBase"]
[SourceQuality "1"]

1. Nf3 d5 2. g3 Nf6 3. Bg2 e6 4. O-O c5 5. c4 Nc6 6. cxd5 exd5 7. d4 h6 8. Nc3 Be6 9. b3 Be7 10. Bb2 O-O 11. Rc1 Rc8 12. dxc5 Bxc5 13. Na4 Be7 14. Nc5 Bxc5 15. Rxc5 Ne4 16. Rc1 Qa5 17. a3 Qb6 18. Qd3 f6 19. Bd4 Qd8 20. b4 a6 21. Rfd1 Qd7 22. Bb2 Rfd8 23. Nh4 Qf7 24. Bxe4 dxe4 25. Qxe4 Bb3 26. Re1 Qd5 27. Qxd5+ Bxd5 28. f3 Bf7 29. Nf5 Rd7 30. Kf2 Rcd8 31. g4 Be6 32. Ng3 Rd2 33. Bc3 Ra2 34. Ra1 Rxa1 35. Rxa1 Kf7 36. Ne4 Ke7 37. h4 b6 38. g5 hxg5 39. hxg5 Ne5 40. Rh1 Bf5 41. gxf6+ gxf6 42. Bxe5 fxe5 43. Rh5 Ke6 44. Rh6+ Kd5 45. Nd2 Be6 46. e4+ Kd6 47. Nc4+ Ke7 48. Nxe5 Rd2+ 49. Kg3 Ra2 50. Nc6+ Kd7 51. Nb8+ Ke7 52. Nxa6 Kd6 53. Nc7 Kxc7 54. Rxe6 Rxa3 55. b5 Rb3 56. Re5 Kd6 57. Rd5+ Ke6 58. Rh5 Kf7 59. Kg4 1-0

[Event "4th GRENKE Open 2019"]
[Site "Karlsruhe"]
[Date "2019.04.18"]
[Round "1.20"]
[White "Pfatteicher, Lukas"]
[Black "Ter-Sahakyan, Samvel"]
[Result "0-1"]
[WhiteElo "2137"]
[BlackElo "2601"]
[Annotator "ChessBase"]
[PlyCount "70"]
[EventDate "2019.04.18"]
[EventType "swiss"]
[EventCountry "GER"]
[SourceTitle "playchess.com"]
[Source "ChessBase"]
[SourceQuality "1"]

1. d4 Nf6 2. c4 e6 3. Nc3 Bb4 4. Qc2 O-O 5. Nf3 d5 6. cxd5 exd5 7. Bf4 c5 8. dxc5 Qa5 9. e3 Ne4 10. Rc1 Qxa2 11. Bd3 Bxc3+ 12. bxc3 Qxc2 13. Bxc2 Be6 14. c4 Rc8 15. cxd5 Bxd5 16. Bxe4 Bxe4 17. Ke2 Nd7 18. Bd6 a5 19. Ne5 Nxe5 20. Bxe5 a4 21. f3 Bf5 22. e4 Be6 23. Bd4 a3 24. Rb1 Rc7 25. Rb4 h5 26. Rc1 a2 27. Be5 Re7 28. Ba1 Rc8 29. Ke3 Rd7 30. Bd4 Ra8 31. Bb2 Ra5 32. Rb6 Rc7 33. Kd4 h4 34. Ba1 Rd7+ 35. Rd6 Rxc5 0-1

[Event "4th GRENKE Open 2019"]
[Site "Karlsruhe"]
[Date "2019.04.18"]
[Round "1.21"]
[White "Moussard, Jules"]
[Black "Post, Hugo"]
[Result "1-0"]
[WhiteElo "2598"]
[BlackElo "2136"]
[Annotator "ChessBase"]
[PlyCount "63"]
[EventDate "2019.04.18"]
[EventType "swiss"]
[EventCountry "GER"]
[SourceTitle "playchess.com"]
[Source "ChessBase"]
[SourceQuality "1"]

1. e4 c5 2. Nf3 d6 3. d4 cxd4 4. Qxd4 Nc6 5. Bb5 Bd7 6. Qd3 Nf6 7. c4 a6 8. Bxc6 Bxc6 9. Nc3 e6 10. O-O Be7 11. Nd4 O-O 12. b3 Qc7 13. Bb2 Rad8 14. Rac1 Rfe8 15. Nd5 exd5 16. cxd5 Bf8 17. f3 Nd7 18. dxc6 Ne5 19. Qc3 d5 20. cxb7 Qxb7 21. f4 Rc8 22. Qd2 Nd7 23. e5 Nc5 24. Nf3 Ne4 25. Qe3 Bb4 26. Bd4 Ba3 27. Rxc8 Rxc8 28. f5 Qd7 29. Ng5 Nxg5 30. Qxg5 Bf8 31. e6 fxe6 32. f6 1-0

[Event "4th GRENKE Open 2019"]
[Site "Karlsruhe"]
[Date "2019.04.18"]
[Round "1.23"]
[White "Van Foreest, Jorden"]
[Black "Thomaschke, Dirk"]
[Result "1-0"]
[WhiteElo "2598"]
[BlackElo "2135"]
[Annotator "ChessBase"]
[PlyCount "57"]
[EventDate "2019.04.18"]
[EventType "swiss"]
[EventCountry "GER"]
[SourceTitle "playchess.com"]
[Source "ChessBase"]
[SourceQuality "1"]

1. e4 e5 2. Nf3 Nc6 3. Bc4 Nf6 4. d3 Be7 5. O-O O-O 6. Re1 d6 7. a4 Na5 8. Ba2 c5 9. Na3 Nc6 10. c3 Qc7 11. Bg5 h6 12. Bxf6 Bxf6 13. Nc2 Be6 14. Ne3 Rad8 15. Qb1 h5 16. b4 b6 17. Bc4 Ne7 18. Qa2 Bg4 19. Nd2 Bg5 20. Ndf1 Qd7 21. bxc5 dxc5 22. Nxg4 Qxg4 23. a5 Rd6 24. axb6 axb6 25. Qb3 Bf4 26. Ra7 Rg6 27. g3 Bg5 28. Ne3 Bxe3 29. Rxe3 1-0

[Event "4th GRENKE Open 2019"]
[Site "Karlsruhe"]
[Date "2019.04.18"]
[Round "1.24"]
[White "Jazdanovs, Aleksandrs"]
[Black "Indjic, Aleksandar"]
[Result "0-1"]
[WhiteElo "2134"]
[BlackElo "2592"]
[Annotator "ChessBase"]
[PlyCount "50"]
[EventDate "2019.04.18"]
[EventType "swiss"]
[EventCountry "GER"]
[SourceTitle "playchess.com"]
[Source "ChessBase"]
[SourceQuality "1"]

1. e4 c5 2. Nf3 a6 3. Nc3 e6 4. d4 cxd4 5. Nxd4 Ne7 6. Be2 Nec6 7. O-O Nxd4 8. Qxd4 Nc6 9. Qe3 Bd6 10. f4 O-O 11. Rd1 Bc7 12. Qg3 b5 13. Be3 Bb7 14. e5 Ne7 15. Qh3 f6 16. Bd3 f5 17. a3 g5 18. Rf1 Ng6 19. Rae1 Rf7 20. Qh5 gxf4 21. Bxf4 Bb6+ 22. Kh1 Nxf4 23. Rxf4 Rg7 24. Re2 Qc7 25. Nb1 Qxe5 0-1

[Event "4th GRENKE Open 2019"]
[Site "Karlsruhe"]
[Date "2019.04.18"]
[Round "1.25"]
[White "Kozul, Zdenko"]
[Black "Schormann, Conrad"]
[Result "1-0"]
[WhiteElo "2589"]
[BlackElo "2134"]
[Annotator "ChessBase"]
[PlyCount "71"]
[EventDate "2019.04.18"]
[EventType "swiss"]
[EventCountry "GER"]
[SourceTitle "playchess.com"]
[Source "ChessBase"]
[SourceQuality "1"]

1. d4 d5 2. c4 c6 3. Nc3 Nf6 4. e3 a6 5. Nf3 Bf5 6. Qb3 Ra7 7. a4 e6 8. a5 h6 9. Qb6 Qxb6 10. axb6 Ra8 11. c5 Nbd7 12. b4 Rb8 13. Nd2 g5 14. f3 e5 15. Ne2 Bg7 16. Bb2 Ng8 17. Nb3 Ne7 18. Na5 Bg6 19. dxe5 Nxe5 20. Nd4 O-O 21. Kd2 Nf5 22. Nxf5 Bxf5 23. Bd4 Rfe8 24. Ra3 Re7 25. Bxa6 bxa6 26. Bxe5 Bxe5 27. Nxc6 Ree8 28. Nxb8 Rxb8 29. Rxa6 Bd7 30. g3 Bc6 31. Ra5 d4 32. e4 h5 33. b5 Be8 34. Rha1 h4 35. Ra8 hxg3 36. hxg3 1-0

[Event "4th GRENKE Open 2019"]
[Site "Karlsruhe"]
[Date "2019.04.18"]
[Round "1.26"]
[White "Zahn, Benno"]
[Black "Sumets, Andrey"]
[Result "1-0"]
[WhiteElo "2133"]
[BlackElo "2588"]
[Annotator "ChessBase"]
[PlyCount "63"]
[EventDate "2019.04.18"]
[EventType "swiss"]
[EventCountry "GER"]
[SourceTitle "playchess.com"]
[Source "ChessBase"]
[SourceQuality "1"]

1. e4 c5 2. Nf3 e6 3. d4 cxd4 4. Nxd4 a6 5. c4 Nf6 6. Nc3 Qc7 7. Be2 Bb4 8. Qd3 Nc6 9. Nc2 Be7 10. f4 d6 11. a3 b6 12. b4 Bb7 13. O-O O-O 14. Bb2 Rfe8 15. Ne3 a5 16. Ncd5 exd5 17. cxd5 Nxe4 18. Rac1 Ba6 19. b5 Nc5 20. Qc2 Bf8 21. Rf3 Nd4 22. Bxd4 Bc8 23. Bd3 h6 24. Rg3 Ra7 25. Qc3 Qd8 26. Bf6 Qxf6 27. Qxf6 Nxd3 28. Rc3 Rxe3 29. Rxg7+ Bxg7 30. Rxc8+ Bf8 31. h3 Rae7 32. Rxf8+ 1-0

[Event "4th GRENKE Open 2019"]
[Site "Karlsruhe"]
[Date "2019.04.18"]
[Round "1.27"]
[White "Bernadskiy, Vitaliy"]
[Black "Doll, Stefan"]
[Result "1-0"]
[WhiteElo "2587"]
[BlackElo "2132"]
[Annotator "ChessBase"]
[PlyCount "77"]
[EventDate "2019.04.18"]
[EventType "swiss"]
[EventCountry "GER"]
[SourceTitle "playchess.com"]
[Source "ChessBase"]
[SourceQuality "1"]

1. e4 e5 2. Nf3 Nc6 3. Bb5 a6 4. Ba4 Nf6 5. Qe2 Bc5 6. c3 b5 7. Bc2 d6 8. O-O Bb7 9. Rd1 Bb6 10. d4 h6 11. h3 exd4 12. cxd4 Qe7 13. Nc3 O-O-O 14. d5 Nb8 15. Be3 Ba5 16. Nd4 g6 17. a4 Bxc3 18. bxc3 Nxe4 19. Qg4+ f5 20. Qxg6 Nxc3 21. Bxf5+ Nd7 22. Nc6 Qe8 23. Rd3 Qxg6 24. Ne7+ Kb8 25. Nxg6 Nxd5 26. Bxd7 Rhg8 27. Bf5 Nb4 28. Rd4 c5 29. Rg4 Nd5 30. Bxh6 b4 31. h4 Nc3 32. Bd2 d5 33. h5 Ne4 34. Bf4+ Ka8 35. Bxe4 dxe4 36. h6 Rd7 37. Rc1 Rc8 38. Ne5 Rdc7 39. Nc4 1-0